Normal view
MARC view
- Kiran Majeed Choudhry
Entry Personal Name
001 - CONTROL NUMBER
- control field: 70407
003 - CONTROL NUMBER IDENTIFIER
- control field: NUST
005 - DATE AND TIME OF LATEST TRANSACTION
- control field: 20210628204444.0
008 - FIXED-LENGTH DATA ELEMENTS
- fixed length control field: 210628|| aca||aabn | a|a d
040 ## - CATALOGING SOURCE
- Original cataloging agency: NUST
- Transcribing agency: NUST
100 ## - HEADING--PERSONAL NAME
- Personal name: Kiran Majeed Choudhry
670 ## - SOURCE DATA FOUND
- Source citation: Work cat.: (NUST): Kiran Majeed Choudhry, TH-SOF-1179-Designing Acceptance Test Procedures (ATPs) for Smart Nano Grid Applications, 2015
